Những vấn đề kinh tế và chính trị thế giới.

Na minha lista:
Detalhes bibliográficos
Formato: Periódico
Idioma:Vietnamese
Publicado em: Viện Khoa Học Xã Hội Việt Nam - Hà Nội.
Assuntos:
Tags: Adicionar Tag
Sem tags, seja o primeiro a adicionar uma tag!
Thư viện lưu trữ: Mạng thư viện Đại học Đà Nẵng
LEADER 00714cas a2200277 i 4500
001 000047294
003 6894
005 20120618152438.0
008 010307b vm 000 vie
022 |a 0868-2984 
040 |a IRC  |c IRC  |d IRC 
041 0 |a vie 
082 1 4 |a 330  |b Nh-V 
245 0 6 |a Những vấn đề kinh tế và chính trị thế giới. 
260 |a Viện Khoa Học Xã Hội Việt Nam - Hà Nội. 
300 |c 28,5cm. 
650 0 4 |a Kinh tế thế giới  |v Tạp chí. 
OWN |a DUT 
999 |a From the UDN01 
TYP |a Printed language 
980 |a Mạng thư viện Đại học Đà Nẵng